Nový zákon o daňových orgánoch s dôvodovou správou v úplnom znení

Bibliographic Details
Corporate Author: Slovensko (Author)
Format: Book
Language:Slovak
PhysicalDescription:32 s. 21 cm
Published: Bratislava Epos 2001
ISBN:8080573522
Series:Novelizované zákony v úplnom znení s dôvodovými správami. Podniky a podnikatelia
Subjects:

MARC

LEADER 00000nam a2200000 a 4500
001 vtls001420959
003 SK-MaSNL
005 20260301072315.0
008 240226s2001 xo r slo
015 |a SNBI2001/04-02652 
020 |a 8080573522 
035 |a SNK000375803 
035 |a urn:nbn:sk:snk-amknea 
035 |a urn:nbn:sk:snk-am003vyg 
035 |a B6F4A312-FE60-4FDB-B920-B119AB034555 
040 |a SNK  |b slo  |c SNK  |e AACR2 
041 0 |a slo 
044 |a xo  |c SK 
080 |a 336.2:340.131(094.5)  |2 1981 
080 |a 340.131  |2 1981 
110 1 |a Slovensko  |4 aut  |9 266955 
240 1 0 |a Zákon o daňových orgánoch  |s 2001 
245 1 0 |a Nový zákon o daňových orgánoch s dôvodovou správou v úplnom znení 
260 |a Bratislava  |b Epos  |c 2001 
300 |a 32 s.  |c 21 cm 
490 1 |a Novelizované zákony v úplnom znení s dôvodovými správami. Podniky a podnikatelia 
500 |a Obalový názov 
650 0 7 |a orgány daňové  |x dane  |x poplatky  |x zákony  |y 2001  |x príručky  |2 SNK  |9 391529 
655 7 |a zákony  |2 SNK  |9 70186 
830 0 |a Novelizované zákony v úplnom znení s dôvodovými správami. Podniky a podnikatelia  |9 295511 
919 |a 80-8057-352-2 
958 |a TL 
999 |c 640639  |d 642569 
952 |t P60, <03>, [BOOK], {603}  |a SNK  |b SNK  |y PREZ  |7 0  |p 17A0316325  |o snkSC 106057  |i snkKSP 11120/2001  |0 0  |1 0  |4 0  |d 2001-09-24  |f 1  |l 0  |r 2025-09-26 00:00:00  |w 2026-02-23 
952 |t P60, <04>, [BOOK], {604}  |a SNK  |b SNK  |y VYP  |7 0  |p 17A0316324  |o snkSC 106057 D1  |i snkKSP 11121/2001  |0 0  |1 0  |4 0  |d 2001-09-24  |l 0  |r 2005-01-02 00:00:00  |w 2026-02-23